Biblioteca "Ernesto Sabato"
Facultad de Derecho y Ciencias Sociales
Facultad de Lenguas
Universidad Nacional del Comahue

Analyzing grammar : an introduction (Record no. 28124)

MARC details
000 -CABECERA
campo de control de longitud fija 00539cam a22002172a 4500
001 - NÚMERO DE CONTROL
campo de control 022424
003 - IDENTIFICADOR DEL NÚMERO DE CONTROL
campo de control AR-FADEU
008 - DATOS DE LONGITUD FIJA--INFORMACIÓN GENERAL
campo de control de longitud fija 311216n########xxu####################dd
020 ## - NÚMERO INTERNACIONAL ESTÁNDAR DEL LIBRO
Número Internacional Estándar del Libro 978-0-521-81622-9
092 ## - ASIGNACIÓN LOCAL DE SIGNATURA TOPOGRÁFICA DEWEY (OCLC)
Número de clasificación 425
Número de documento/Ítem K93
100 ## - ENTRADA PRINCIPAL--NOMBRE DE PERSONA
Nombre de persona Kroeger, Paul R.
245 ## - MENCIÓN DE TÍTULO
Título Analyzing grammar : an introduction
250 ## - MENCIÓN DE EDICIÓN
Mención de edición 2005
260 ## - PUBLICACIÓN, DISTRIBUCIÓN, ETC. (PIE DE IMPRENTA)
Lugar de publicación, distribución, etc. New York
260 ## - PUBLICACIÓN, DISTRIBUCIÓN, ETC. (PIE DE IMPRENTA)
Nombre del editor, distribuidor, etc. Cambridge University Press
300 ## - DESCRIPCIÓN FÍSICA
Extensión 364 p
500 ## - NOTA GENERAL
Nota general Includes bibliographical references
546 ## - NOTA DE LENGUA/LENGUAJE
Nota de lengua/lenguaje Inglés
650 ## - PUNTO DE ACCESO ADICIONAL DE MATERIA--TÉRMINO DE MATERIA
Término de materia o nombre geográfico como elemento inicial INGLES-GRAMATICA
942 ## - ELEMENTOS DE PUNTO DE ACCESO ADICIONAL (KOHA)
Tipo de ítem Koha BDGR
Holdings
Estado de retiro Estado de pérdida Estado dañado No para préstamo Localización permanente Ubicación/localización actual Fecha de adquisición Número de inventario Total de préstamos Signatura topográfica completa Código de barras Fecha visto por última vez Fecha del último préstamo Precio válido a partir de Tipo de ítem Koha
        Biblioteca Ernesto Sabato - FADECS - UNCOMA Biblioteca Ernesto Sabato - FADECS - UNCOMA 22/02/2017 05891 2 425 K93 05891 03/05/2019 25/04/2019 22/02/2017 BDGR
Facultad de Derecho y Ciencias Sociales | Universidad Nacional del Comahue | Mendoza y Perú General Roca | Río Negro CP (8332) | Patagonia Argentina | Teléfono: 54-0298-4433670 | | Fax: 0298-4432093 | Fax alumnos: 0298-4435700